000 00455nam a2200181Ia 4500
001 13018
005 20260306163023.0
008 260306t2006||||xx |||||||||||||| ||spa||
041 _aESP
082 _aRD 657.03
_bG79
100 _aGreco, Orlando
_eAUT
245 0 _aDiccionario contable y comercial :
_bterminología bilingüe
260 _c2006
300 _a327 páginas :
_c23 cm.
650 _aGEN
654 _aCCO
942 _cDIC
_dJUS
_fJUS
_2ddc
_n
999 _c13018
_d13018